000 01378nam a22003737a 4500
003 CHAP
005 20220329143919.0
008 120816s2011 mx r 00010 spa d
010 _a103653
011 _a104625
020 _a9786078019564
035 _a115315
040 _cCHAP
082 0 4 _a634.90972
_bB74
245 0 0 _aBosques y árboles del trópico mexicano :
_bestructura, crecimiento y usos
_c/editado por Ángel Rolando Endara Agramont, Antonio Mora Santacruz y Juan Ignacio Valdez Hernández
260 _aZapopan, Jalisco :
_bUniversidad de Guadalajara,
_c2011
300 _ap. :
_bilus. ;
500 _aendara agranont, angel rolando
505 _aComunidades bioticas -- Mexico
590 _aBATCH-UPD
_b10
_c20130110
_lUCH01
_h1653
590 _aBATCH-UPD
_b10
_c20130410
_lUCH01
_h0917
590 _aBATCH-UPD
_b10
_c20130914
_lUCH01
_h0725
590 _aCONVERSION
_b10
_c20130109
_lUCH01
_h1357
650 1 4 _aÁrboles tropicales.
_982448
650 1 4 _aÁrboles
_xMexico.
_96625
650 1 4 _aBosques
_xMéxico.
_914341
650 1 4 _aBosques
_xTrópicos.
_914401
700 0 _aValdez Hernández, Juan Ignacio
_e, ed.
_9117279
700 1 _aEndara Agramont, Ángel Rolando
_e, ed.
_936865
700 1 _aMora Santacruz, Antonio
_e, ed.
_978174
901 _aBK
942 _cLIBRO
949 _a634.90972 B74
_bBC
_cLIBRO
_d33724002331545
_eLIBRO
_h115315
_i115315
_st
999 _c103653
_d103653